| 000 | 00554cam a2200217 4500 | ||
|---|---|---|---|
| 008 | 090401t1993 xxu||||| |||| 00| 0 eng d | ||
| 020 | _a0112429394 | ||
| 035 | _a(Sirsi) u66438 | ||
| 041 | _aeng | ||
| 050 | _a630.0212 | ||
| 110 | _aMinistry of Agriculture Fisheries and Food | ||
| 245 | _aFarm incomes in the United Kingdom 1991/92 edition. | ||
| 260 |
_aLondon _bHMSO _c1993 |
||
| 300 | _avi,136p. ; 30cm. | ||
| 350 | _a22.5 | ||
| 650 | _aFARMING | ||
| 650 | _aSTATISTICS | ||
| 690 | _aRURAL PRACTICE | ||
| 942 | _n0 | ||
| 948 | _c04/03/1997 | ||
| 999 |
_c94866 _d94866 |
||